Гидроэлектрогенератор "GerECO"; Ресурсоэффективным технологиям - энергию и энтузиазм молодых

Bibliographische Detailangaben
Parent link:Ресурсоэффективным технологиям - энергию и энтузиазм молодых.— 2015.— [С. 419-422]
1. Verfasser: Мечта Ю. С.
Körperschaft: Национальный исследовательский Томский политехнический университет (ТПУ) Институт кибернетики (ИК) Кафедра компьютерных измерительных систем и метрологии (КИСМ)
Weitere Verfasser: Татолина А. И. (научный руководитель), Мозгалева П. И. Полина Игоревна
Zusammenfassung:Заглавие с титульного экрана
Sprache:Russisch
Veröffentlicht: 2015
Schriftenreihe:Инициативные проекты
Schlagworte:
Online-Zugang:http://earchive.tpu.ru/handle/11683/19327
http://www.lib.tpu.ru/fulltext/c/2015/C08/123.pdf
Format: MixedMaterials Elektronisch Buchkapitel
KOHA link:https://koha.lib.tpu.ru/cgi-bin/koha/opac-detail.pl?biblionumber=612382

MARC

LEADER 00000naa2a2200000 4500
001 612382
005 20260422121102.0
035 |a (RuTPU)RU\TPU\conf\10504 
035 |a RU\TPU\conf\10501 
090 |a 612382 
100 |a 20150615d2015 k y0rusy50 ca 
101 0 |a rus 
102 |a RU 
135 |a drgn ---uucaa 
181 0 |a i  
182 0 |a b 
200 1 |a Гидроэлектрогенератор "GerECO"  |f Ю. С. Мечта, А. И. Татолина  |g науч. рук. П. И. Мозгалева 
203 |a Текст  |c электронный 
225 1 |a Инициативные проекты 
300 |a Заглавие с титульного экрана 
320 |a [Библиогр.: с. 421-422 (8 назв.)] 
337 |a Adobe Reader 
463 1 |0 (RuTPU)RU\TPU\conf\10353  |t Ресурсоэффективным технологиям - энергию и энтузиазм молодых  |o сборник научных трудов VI Всероссийской конференции, г. Томск, 22-24 апреля 2015 г.  |f Национальный исследовательский Томский политехнический университет (ТПУ)   |v [С. 419-422]  |d 2015 
610 1 |a труды учёных ТПУ 
610 1 |a электронный ресурс 
610 1 |a гидроэлектрогенераторы 
610 1 |a альтернативные источники энергии 
700 1 |a Мечта  |b Ю. С. 
701 1 |a Татолина  |b А. И. 
702 1 |a Мозгалева  |b П. И.  |c специалист в области информатики и вычислительной техники  |c эксперт Томского политехнического университета, ассистент  |f 1987-  |g Полина Игоревна  |4 727 
712 0 2 |a Национальный исследовательский Томский политехнический университет (ТПУ)  |b Институт кибернетики (ИК)  |b Кафедра компьютерных измерительных систем и метрологии (КИСМ)  |3 (RuTPU)RU\TPU\col\18706 
801 2 |a RU  |b 63413507  |c 20210119  |g RCR 
856 4 |u http://earchive.tpu.ru/handle/11683/19327 
856 4 |u http://www.lib.tpu.ru/fulltext/c/2015/C08/123.pdf 
942 |c BK